000 00756cam a2200229 a 4500
001 000009098
005 20200929161503.0
008 711115s1969 sp 001 e spa
040 _aDO-SdBNP
_cOKentU
_dDLC
082 _a864.6
_bS487e
100 1 _aSerrano Suñer, Ramón,
_d1901-2003
_923749
245 1 0 _aEnsayos al viento /
_cRamón Serrano Suñer ; Prólogo Azorín.
260 _aMadrid, :
_bCultura Hispánica,
_c1969.
300 _a346 p. ;
_c22 cm.
504 _aIncluye índice de contenido e índice alfabético
650 4 _aEnsayos españoles
_93095
650 4 _aLiteratura española
_9632
650 4 _aHistoria moderna
_y1945-1989.
_923750
700 1 _aAzorín,
_epról.
_923751
910 _aCatalogación por copia / LC
049 _aBNGR
999 _c8862
_d8862